Smith (as Administrator of Cosslett Contractors) v Bridgend County Borough Council (Record no. 102176)

MARC details
000 -LEADER
fixed length control field 01382cam a2200229 4500
001 - CONTROL NUMBER
control field
008 - FIXED-LENGTH DATA ELEMENTS--GENERAL INFORMATION
fixed length control field 020128n2002 000 0 eng u
035 ## - SYSTEM CONTROL NUMBER
System control number (Sirsi) u118782
245 ## - TITLE STATEMENT
Title Smith (as Administrator of Cosslett Contractors) v Bridgend County Borough Council
260 ## - PUBLICATION, DISTRIBUTION, ETC.
Date of publication, distribution, etc. 2002
490 ## - SERIES STATEMENT
Series statement Building Law Reports
Volume/sequential designation [2002] 4 BLR 160-173(14)
520 ## - SUMMARY, ETC.
Summary, etc. HL 8 November 2001. S appealed against a CA ruling that a claim for damages brought by S on the grounds that B giving consent to the removal of plant from a site after C had gone into administration amounted to the tort of conversion had failed. "Held": the appeal was allowed, the judgement implying that the ICE Condition 5th ed. cl. 63 do not transfer title to the employer create a 'floating charge' that is ineffective unless registered under the Companies Act 1985 s395. the full judgement id given on the HL website at http://www.publications.parliament.uk/pa/ld200102/ldjudgmt/jd011108/smith-1.htm.
590 ## - LOCAL NOTE (RLIN)
Local note ABS
650 ## - SUBJECT ADDED ENTRY--TOPICAL TERM
Topical term or geographic name entry element ICE FORMS OF CONTRACT
650 ## - SUBJECT ADDED ENTRY--TOPICAL TERM
Topical term or geographic name entry element SMITH (ADMINISTRATOR OF COSLETT LTD (CONTRACTORS)) V BRIDGEND CBC
650 ## - SUBJECT ADDED ENTRY--TOPICAL TERM
Topical term or geographic name entry element OWNERSHIP
650 ## - SUBJECT ADDED ENTRY--TOPICAL TERM
Topical term or geographic name entry element TRANSFER OF TITLE
650 ## - SUBJECT ADDED ENTRY--TOPICAL TERM
Topical term or geographic name entry element PLANT AND MACHINERY
690 ## - LOCAL SUBJECT ADDED ENTRY--TOPICAL TERM (OCLC, RLIN)
Topical term or geographic name as entry element BUILDING AND CONSTRUCTION-CONTRACTS-OTHER CONTRACTS
856 ## - ELECTRONIC LOCATION AND ACCESS
Uniform Resource Identifier <a href="https://www.publications.parliament.uk/pa/ld200102/ldjudgmt/jd011108/smith-1.htm">https://www.publications.parliament.uk/pa/ld200102/ldjudgmt/jd011108/smith-1.htm</a>
942 ## - ADDED ENTRY ELEMENTS (KOHA)
Suppress in OPAC 0
Holdings
Withdrawn status Lost status Source of classification or shelving scheme Damaged status Not for loan Home library Current library Shelving location Date acquired Total Checkouts Barcode Date last seen Copy number Price effective from Koha item type
    Dewey Decimal Classification     London London Journal article 11/07/2002   118782-1001 06/08/2019 1 06/08/2019 Law report